All Time Top Scorers - Statistics

General Stats
  • This quiz has been taken 28 times
  • The average score is 13 of 29
Answer Stats
Hint Answer % Correct
Barcelona (388) Lionel Messi
96%
Bayern Munchen (525) Gerd Muller
87%
Arsenal (228) Thierry Henry
87%
AS Roma (295) Francesco Totti
83%
Manchester United (249) Bobby Charlton
78%
SL Benfica (474) Eusebio
78%
Chelsea (211) Frank Lampard
78%
Santos (643) Pele
78%
Juventus (290) Alessandro Del Piero
74%
SSC Napoli (115) Diego Armando Maradona
74%
Real Madrid (323) Raul
70%
Liverpool (346) Ian Rush
52%
Internazionale (284) Guiseppe Meazza
43%
Boca Juniors (236) Martin Palermo
43%
HSV (404) Uwe Seeler
43%
PSG (109) Pauleta
39%
AC Milan (221) Gunnar Nordahl
22%
Tottenham Hospurt (266) Jimmy Greaves
22%
Rangers (355) Ally McCoist
17%
Borussia Monchengladbach (292) Jupp Heynckes
17%
Atletico Madrid (173) Luis Aragones
17%
Borussia Dortmund (168) Alfred Preissler
13%
Porto (352) Fernando Gomes
13%
Celtic (470) Jimmy McGrory
13%
River Plate (293) Angel Labruna
9%
Slavia Prague (395) Josef Bican
9%
Sporting Clube de Portugal (543) Fernando Peyroteo
4%
Panathinaikos (288) Krzysztof Warzycha
4%
Olympiakos (225) Giorgos Sideris
0%
No matching quizzes found
Score Distribution
Percent of People with Each Score
Percentile by Number Answered
Your Score History
You have not taken this quiz